10 départements avec le plus grand taux de chômage - Statistiques

Statistiques générales
  • Ce quiz a été pris 159 fois
  • Le résultat moyen est 6 sur 10
Statistiques - réponses
Taux de chômage Département % Correct
11,0 Seine-Saint-Denis
87%
13,2 Martinique
79%
16,2 Guadeloupe
78%
18,4 La Réunion
78%
17,7 Guyane
74%
11,0 Gard
52%
11,2 Hérault
52%
10,5 Aude
50%
12,5 Pyrénées-Orientales
49%
11,5 Aisne
44%
Aucun quiz correspondant
Distribution des résultats
% des personnes avec chaque résultat
Percentile par nombre de réponses
Votre historique - résultats
Vous n’avez pas pris ce quiz